Concepciones sobre la escritura en la antigüedad romana.
Saved in:
| Hovedforfatter: | |
|---|---|
| Format: | Bog |
| Sprog: | spansk |
| Udgivet: |
Barcelona, España:
Gedisa,
1995.
|
| Udgivelse: | Primera edición. |
| Serier: | Colección Lea, 5.
|
| Fag: | |
| Tags: |
Tilføj Tag
Ingen Tags, Vær først til at tagge denne postø!
|
MARC
| LEADER | 00000cam a2200000 a 4500 | ||
|---|---|---|---|
| 001 | UCZ6690 | ||
| 003 | CL-VaPUC | ||
| 005 | 20220822114327.0 | ||
| 008 | 951214e19950000SP |||||||||||||||||spa|d | ||
| 999 | |c 242875 |d 242873 | ||
| 020 | |a 84-7432-532-3 | ||
| 040 | |c Pontificia Universidad Católica de Valparaíso | ||
| 082 | 0 | 4 | |a 411.7 DES 1995 |2 21 |
| 100 | |a Desbordes, Françoise |e auteur |9 351137 | ||
| 245 | 1 | 0 | |a Concepciones sobre la escritura en la antigüedad romana. |
| 250 | |a Primera edición. | ||
| 260 | |a Barcelona, España: |b Gedisa, |c 1995. | ||
| 300 | |a 284 páginas. | ||
| 490 | 0 | |a Colección Lea, 5. | |
| 500 | |a c.3 Donación Familia Prof. Alejandro Guzmán Brito. | ||
| 583 | |a last modification |c 20111202 10:54:24 |k Rodrigo Vera | ||
| 650 | 0 | |a Escrituras antiguas |2 CL-VaPUC |9 340321 |z Roma | |
| 650 | 0 | |a Gramática |9 270497 | |
| 650 | 0 | |a Alfabetos |9 265604 | |
| 942 | |c BK |2 ddc |n 0 | ||
| 945 | |d 19951214 00:00:00 |a rleighto | ||
| 952 | |0 0 |1 0 |4 0 |6 411_700000000000000_DES_1995 |7 0 |8 A |9 256153 |a BIBEDU |b BIBEDU |d 2019-11-19 |i 3161471 |o 411.7 DES 1995 |p 3161471 |r 2019-11-19 |w 2019-11-19 |y BK |k EPE | ||
| 952 | |0 0 |1 0 |4 0 |6 411_700000000000000_DES_1995 |7 0 |8 A |9 256154 |a FDOPOS |b FDOPOS |d 2019-11-19 |i 4793099 |o 411.7 DES 1995 |p 4793099 |r 2025-01-22 |w 2019-11-19 |y BK |k MLH | ||
| 952 | |0 0 |1 0 |2 ddc |4 0 |6 411_700000000000000_DES_1995 |7 1 |8 C_AGB |9 581196 |a BIBDER |b BIBDER |d 2022-02-07 |e Donación |i 5645433 |o 411.7 DES 1995 |p 5645433 |r 2023-01-25 |t 3 |w 2022-02-07 |y BK_US |k AGB | ||